000 00386cam a2200169ua 4500
001 33
008 150302n II |||gr||||Z||||||asm
040 _aMAIN
041 _aEnglish
082 _a891.451 SHA
100 _aSHARMA, TIRTHANATH.
245 _aSAHITYA BIDYA PARIKRAMA
260 _aGUWAHATI
_bBANI PRAKASH
300 _a194:
_c20CM.
653 _aASSAMESE LITERATURE
942 _cBK
999 _c33
_d33